[Event "Bayerische EM 2022 - Allgemeine Gruppe"]
[Site "Rosenheim"]
[Date "2022.08.23"]
[Round "4.8"]
[White "Bratu, Mircea"]
[Black "Michalek, Michal"]
[Result "1/2-1/2"]
[WhiteElo "1684"]
[BlackElo "2153"]
[PlyCount "129"]
[EventDate "2022.??.??"]
[WhiteTeam "SG Schwabing München"]
[BlackTeam "1.FC Marktleuthen"]

1. d4 d5 2. c4 c6 3. Nf3 Nf6 4. Nc3 dxc4 5. Ne5 b5 6. g3 b4 7. Na4 Qd5 8. Rg1
e6 9. Bg2 Qb5 10. a3 b3 11. Nc3 Qa6 12. e4 Nbd7 13. Nxc4 Be7 14. Qxb3 O-O 15.
Bf4 Nb6 16. Bf1 Nxc4 17. Bxc4 Qa5 18. O-O-O Ba6 19. g4 Bxc4 20. Qxc4 Rfc8 21.
f3 Ne8 22. g5 Nd6 23. Bxd6 Bxd6 24. e5 Bf8 25. Rg3 Rab8 26. Rh3 Bxa3 27. bxa3
Qxa3+ 28. Kd2 Qb2+ 29. Ke1 Qg2 30. Rg3 Qxh2 31. Ne4 Rb2 32. Qf1 Rcb8 33. Rh3
Qf4 34. Qg1 R8b3 35. Nd2 Rd3 36. Rh2 Rxd4 37. Re2 Rd5 38. Qg4 Qxg4 39. fxg4 Rb4
40. Ne4 Kf8 41. Rxd5 exd5 42. Nf2 a5 43. Rc2 Rb6 44. Nd3 Ke7 45. Rh2 a4 46. Ra2
Ra6 47. Nb4 Ra8 48. Nxc6+ Ke6 49. Re2 a3 50. Nd4+ Ke7 51. Nf5+ Kf8 52. Ra2 g6
53. Ne3 Ra5 54. Kd2 Ke7 55. Nc2 Ra4 56. Rxa3 Rxg4 57. Ke3 Re4+ 58. Kf3 Rxe5 59.
Kf4 Re4+ 60. Kf3 Re5 61. Kf4 Rf5+ 62. Kg4 f6 63. Ra7+ Ke6 64. gxf6 Rxf6 65.
Rxh7 1/2-1/2

[Event "Bayerische EM 2022 - Allgemeine Gruppe"]
[Site "Rosenheim"]
[Date "2022.08.23"]
[Round "4.9"]
[White "Böhme, Sebastian"]
[Black "Stöttner, Moritz"]
[Result "1/2-1/2"]
[WhiteElo "2198"]
[BlackElo "1906"]
[PlyCount "165"]
[EventDate "2022.??.??"]
[WhiteTeam "SC Erlangen"]
[BlackTeam "SK Landau-Dingolfing"]

1. e4 c5 2. Nf3 d6 3. Bb5+ Nd7 4. Ba4 Ngf6 5. O-O g6 6. Re1 Bg7 7. c3 O-O 8. d4
e5 9. dxe5 Nxe5 10. Nxe5 dxe5 11. c4 Qxd1 12. Bxd1 Be6 13. Bb3 h6 14. Nc3 Rfd8
15. f3 Ne8 16. Be3 Bf8 17. Nd5 Bxd5 18. exd5 Rac8 19. Bd2 Bg7 20. Ba5 b6 21.
Bc3 f6 22. a4 Nd6 23. Bc2 Kf7 24. Bd3 Re8 25. a5 b5 26. cxb5 c4 27. Bf1 Nxb5
28. Ra4 Nxc3 29. bxc3 Bf8 30. Bxc4 Bc5+ 31. Kf1 Ke7 32. Bd3 g5 33. Rb1 Rb8 34.
Raa1 Kd6 35. Bb5 Rf8 36. Bc6 f5 37. a6 Rb6 38. Rxb6 Bxb6 39. Rb1 Rb8 40. Bb7
Bc5 41. Ke2 e4 42. fxe4 fxe4 43. Rf1 Ke5 44. Rf7 Rf8 45. Rc7 Kd6 46. Rc6+ Kxd5
47. Rxh6+ Kc4 48. Bxe4 Kxc3 49. Rh5 Re8 50. Kf3 Rf8+ 51. Kg3 Bf2+ 52. Kh3 Rf4
53. Bf3 Rh4+ 54. Rxh4 gxh4 55. Kg4 Kd4 56. Kf4 Kc5 57. Be2 Kd6 58. Kf5 Ke7 59.
Kg6 Kf8 60. Bc4 Be1 61. Bd5 Bf2 62. Kf6 Be1 63. g4 hxg3 64. h3 Bf2 65. Bg2 Kg8
66. h4 Kh8 67. h5 Bb6 68. Be4 Bf2 69. Kf5 Bb6 70. Kf4 Bf2 71. h6 Be1 72. Kf3
Bf2 73. Ke2 Bb6 74. Kf1 Bf2 75. Kg2 Be1 76. h7 Bf2 77. Kf3 Be1 78. Kf4 Bf2 79.
Ke5 Bb6 80. Kd5 Bf2 81. Kc6 Bg1 82. Kb7 Bf2 83. Kc6 1/2-1/2

[Event "Bayerische EM 2022 - Allgemeine Gruppe"]
[Site "Rosenheim"]
[Date "2022.08.23"]
[Round "4.10"]
[White "Fuchs, Florian"]
[Black "Niedermeier, Thomas"]
[Result "1/2-1/2"]
[WhiteElo "1887"]
[BlackElo "2253"]
[PlyCount "85"]
[EventDate "2022.??.??"]
[WhiteTeam "DJK SF Haselbach"]
[BlackTeam "SV Ilmmünster"]

1. e4 c5 2. Nf3 d6 3. d4 cxd4 4. Nxd4 Nf6 5. f3 g6 6. c4 Bg7 7. Nc3 O-O 8. Be3
Nc6 9. Qd2 Nxd4 10. Bxd4 Be6 11. Rc1 a5 12. b3 Nd7 13. Be3 Nc5 14. Be2 Qb6 15.
O-O Rfc8 16. f4 Qb4 17. f5 Bxc3 18. Qxc3 Qxc3 19. Rxc3 Bd7 20. Bxc5 Rxc5 21. f6
exf6 22. Rxf6 Be6 23. Rd3 Ra6 24. Rd4 Kf8 25. Rf3 Ke7 26. a4 Rb6 27. Rfd3 Re5
28. Kf2 Kd7 29. Bf3 Ke7 30. Be2 Bd7 31. Rd5 Be6 32. R5d4 Rc5 33. Bf3 Rc8 34.
Ke3 Rf8 35. g4 h5 36. gxh5 gxh5 37. h4 Rg8 38. Kf4 f6 39. Bd1 Rg7 40. Rg3 Rxg3
41. Kxg3 Bf7 42. Kf4 Rc6 43. Rd3 1/2-1/2

[Event "Bayerische EM 2022 - Allgemeine Gruppe"]
[Site "Rosenheim"]
[Date "2022.08.23"]
[Round "4.11"]
[White "Sesselmann, Christoph"]
[Black "Schmid, Roland"]
[Result "0-1"]
[WhiteElo "1880"]
[BlackElo "2233"]
[PlyCount "138"]
[EventDate "2022.??.??"]
[WhiteTeam "SK Kulmbach"]
[BlackTeam "Post Regensburg"]

1. e4 d6 2. d4 Nf6 3. Nc3 e5 4. Nf3 Nbd7 5. Bc4 Be7 6. a4 O-O 7. O-O exd4 8.
Nxd4 Ne5 9. Ba2 Nc6 10. Nde2 Be6 11. Nf4 Bxa2 12. Rxa2 Nb4 13. Ra3 c6 14. Qe2
Re8 15. Nd1 d5 16. e5 Bc5 17. Rh3 Qc7 18. Re1 g6 19. c3 Na6 20. Nd3 Bf8 21. Ne3
Nd7 22. Ng4 h5 23. Nh6+ Bxh6 24. Bxh6 Nac5 25. Nxc5 Nxc5 26. Bf4 Qd7 27. Qc2
Qg4 28. Rf3 Ne4 29. h3 Qd7 30. Bh2 a6 31. Rd3 Nc5 32. Rde3 b5 33. b4 Ne6 34. f4
Ng7 35. a5 Rac8 36. Qd1 Nf5 37. Rd3 h4 38. Kh1 Rcd8 39. Bg1 Ng3+ 40. Kh2 Qf5
41. Rf3 Qe6 42. Bf2 Nf5 43. Rd3 Kg7 44. Qd2 Rh8 45. Rd1 Rh7 46. Qe2 Kh8 47. Qg4
Rg8 48. Re1 Rh5 49. Rd2 Kh7 50. Rd3 Rg7 51. Rd2 Kh6 52. Rd3 Kh7 53. Rd2 Nh6 54.
Qf3 Rf5 55. Bxh4 g5 56. Bg3 g4 57. hxg4 Rxg4 58. Kg1 Qg6 59. Rd3 Rh5 60. Bf2
Nf5 61. e6 fxe6 62. Re5 Qh6 63. g3 Rg6 64. Kf1 Rh1+ 65. Ke2 Rh3 66. Qg2 Rh2 67.
Qg1 Qh5+ 68. Kd2 Rh1 69. Qg2 Qd1# 0-1

[Event "Bayerische EM 2022 - Allgemeine Gruppe"]
[Site "Rosenheim"]
[Date "2022.08.23"]
[Round "4.12"]
[White "Vuckovic, Robert"]
[Black "Ritzka, Simon"]
[Result "1-0"]
[WhiteElo "1846"]
[BlackElo "2057"]
[PlyCount "155"]
[EventDate "2022.??.??"]
[WhiteTeam "SF Augsburg"]
[BlackTeam "SC Roter Turm Altstadt"]

1. e4 e6 2. d4 d5 3. e5 c5 4. c3 Nc6 5. Nf3 Qb6 6. a3 c4 7. g3 Bd7 8. Bg2 Nge7
9. O-O h6 10. h4 Na5 11. Nbd2 O-O-O 12. h5 Kb8 13. Nh4 Nc8 14. f4 Be7 15. f5
Rdf8 16. Bh3 Rhg8 17. Kh2 Bxh4 18. gxh4 exf5 19. Bxf5 Bxf5 20. Rxf5 Qe6 21. Qf3
Ne7 22. Rf4 f5 23. exf6 Rxf6 24. Rxf6 gxf6 25. Nf1 Qg4 26. Qxg4 Rxg4 27. Kh3
Rg8 28. Bxh6 Kc8 29. Ne3 Kd7 30. Rf1 Ke6 31. Ng4 Nf5 32. Re1+ Kf7 33. Rf1 Ke6
34. Bf4 Nc6 35. h6 Rh8 36. h5 Rh7 37. Bg3 Nce7 38. Bh4 Ng8 39. Bxf6 Nxf6 40.
Nxf6 Rxh6 41. Nxd5 Rxh5+ 42. Kg4 Rh4+ 43. Kg5 Rh5+ 44. Kxh5 Ng3+ 45. Kg4 Nxf1
46. Nf4+ Kd6 47. Ng2 b5 48. Kf4 Nd2 49. Ne3 a5 50. Nf5+ Kd5 51. Ne7+ Kd6 52.
Nc8+ Kc7 53. Na7 Kb6 54. Nc8+ Kc7 55. Ne7 Kd6 56. Nf5+ Kd5 57. Ke3 Nb3 58. Ke2
Nc1+ 59. Kd2 Nb3+ 60. Kc2 Na1+ 61. Kb1 Nb3 62. a4 bxa4 63. Ne3+ Kc6 64. Nxc4
Kb5 65. Na3+ Kc6 66. Kc2 Kd5 67. Kd3 Nc1+ 68. Ke3 Nb3 69. c4+ Kc6 70. Nb5 Kb6
71. Nc3 a3 72. bxa3 Na1 73. Na4+ Kc6 74. Kd3 Nb3 75. Kc3 Nc1 76. Nc5 Ne2+ 77.
Kd3 Nc1+ 78. Kd2 1-0

[Event "Bayerische EM 2022 - Allgemeine Gruppe"]
[Site "Rosenheim"]
[Date "2022.08.23"]
[Round "4.13"]
[White "Fuchs, Michael"]
[Black "Straub, Jürgen"]
[Result "1-0"]
[WhiteElo "2049"]
[BlackElo "2126"]
[PlyCount "89"]
[EventDate "2022.??.??"]
[WhiteTeam "DJK SF Haselbach"]
[BlackTeam "TSV Ingolstadt Nord"]

1. e4 Nc6 2. Nf3 d6 3. d4 g6 4. d5 Nb8 5. c4 Bg7 6. Nc3 Nf6 7. Be3 c5 8. h3 O-O
9. Qd2 Nbd7 10. Bd3 a6 11. O-O Qc7 12. a4 e6 13. dxe6 fxe6 14. Rfd1 Ne8 15. Be2
b6 16. Bf4 Ne5 17. Nxe5 Rxf4 18. Qxf4 Bxe5 19. Qe3 Qg7 20. Kh1 g5 21. Ra3 Ra7
22. Rb3 Bd4 23. Qg3 Rf7 24. f3 Be5 25. Qe1 Nf6 26. f4 gxf4 27. Bf3 Nd7 28. Ne2
a5 29. Rbd3 Bxb2 30. Rxd6 Qf6 31. Rc6 Bb7 32. Rc7 Ne5 33. Rxf7 Kxf7 34. Qd2
Nxf3 35. gxf3 Be5 36. Qd7+ Qe7 37. Qb5 Bc8 38. Qxb6 Qh4 39. Kg2 Qg5+ 40. Kh2
Qh5 41. Qa7+ Kf6 42. Rg1 Qh6 43. Qxc5 Bd7 44. Qxa5 Bd6 45. Qd8+ 1-0

[Event "Bayerische EM 2022 - Allgemeine Gruppe"]
[Site "Rosenheim"]
[Date "2022.08.23"]
[Round "4.14"]
[White "Redzepovic, Irfan"]
[Black "Stöttner, Lukas"]
[Result "0-1"]
[WhiteElo "2108"]
[BlackElo "1972"]
[PlyCount "80"]
[EventDate "2022.??.??"]
[WhiteTeam "SW Nürnberg Süd"]
[BlackTeam "SK Landau-Dingolfing"]

1. d4 Nf6 2. Nf3 g6 3. c4 Bg7 4. e3 O-O 5. Be2 d6 6. O-O Nbd7 7. Nc3 c6 8. d5
Nc5 9. Nd4 e5 10. dxe6 fxe6 11. Qc2 e5 12. Nb3 Bf5 13. Qd1 Nxb3 14. Qxb3 Qe7
15. Rd1 Rad8 16. Bd2 Kh8 17. Qa3 a6 18. Be1 Qe6 19. Rd2 d5 20. Rad1 d4 21. exd4
Bh6 22. d5 Qe8 23. d6 Nd7 24. g4 Bxd2 25. Bxd2 Be6 26. Bg5 Nf6 27. Qc5 Bd7 28.
Rd3 Qe6 29. h3 b5 30. Re3 Rde8 31. f4 e4 32. Qd4 Kg8 33. c5 a5 34. a4 Nd5 35.
Rxe4 Qf7 36. axb5 Rxe4 37. Nxe4 cxb5 38. Bh6 Re8 39. Ng5 Nxf4 40. Bc4 bxc4 0-1

[Event "Bayerische EM 2022 - Allgemeine Gruppe"]
[Site "Rosenheim"]
[Date "2022.08.23"]
[Round "4.15"]
[White "Bunk, Wolfgang"]
[Black "Biedenkopf, Philipp"]
[Result "1/2-1/2"]
[WhiteElo "2011"]
[BlackElo "1746"]
[PlyCount "73"]
[EventDate "2022.??.??"]
[WhiteTeam "SC Bavaria Regensburg von 1881"]
[BlackTeam "SK Passau"]

1. d4 Nf6 2. c4 g6 3. Nc3 d5 4. Nf3 Bg7 5. Qb3 dxc4 6. Qxc4 O-O 7. e4 Nc6 8.
Be2 Nd7 9. Be3 Nb6 10. Qc5 Nd7 11. Qa3 e5 12. Rd1 exd4 13. Nxd4 Nxd4 14. Bxd4
Bxd4 15. Rxd4 Qf6 16. Rd1 c6 17. O-O Re8 18. f4 Qe7 19. Rd6 Nb6 20. e5 Be6 21.
Ne4 Kg7 22. f5 Bxf5 23. Rxf5 gxf5 24. Qg3+ Kh8 25. Nf6 Qxe5 26. Qh4 Qe3+ 27.
Kh1 h6 28. Nxe8 Rxe8 29. Rxh6+ Kg8 30. Bf1 Nd5 31. Qh5 Re7 32. Rh8+ Kg7 33.
Rh7+ Kg8 34. Rh8+ Kg7 35. Rh7+ Kg8 36. Rh8+ Kg7 37. Rh7+ 1/2-1/2

[Event "Bayerische EM 2022 - Allgemeine Gruppe"]
[Site "Rosenheim"]
[Date "2022.08.23"]
[Round "4.16"]
[White "Wagner, Tizian"]
[Black "Luhn, Robert"]
[Result "1-0"]
[WhiteElo "1806"]
[BlackElo "1989"]
[PlyCount "51"]
[EventDate "2022.??.??"]
[WhiteTeam "SV Seubelsdorf"]
[BlackTeam "SK Caissa Augsburg"]

1. e4 c5 2. Nf3 d6 3. d4 cxd4 4. Nxd4 Nf6 5. Nc3 a6 6. Be3 e6 7. Be2 Be7 8. O-O
Qc7 9. f4 b5 10. e5 dxe5 11. fxe5 Nfd7 12. Bxb5 axb5 13. Qf3 Nxe5 14. Qxa8 Bb7
15. Ncxb5 Qc8 16. Qa5 O-O 17. h3 Nc4 18. Qc3 Nxe3 19. Qxe3 Bc5 20. Kh1 Qd7 21.
Qe5 Bb6 22. Rad1 Nc6 23. Nxc6 Qxc6 24. Rd2 f6 25. Qe2 Ra8 26. Rd6 1-0

[Event "Bayerische EM 2022 - Allgemeine Gruppe"]
[Site "Rosenheim"]
[Date "2022.08.23"]
[Round "4.17"]
[White "Sesselmann, Moritz"]
[Black "Steinhauer, Artur"]
[Result "1/2-1/2"]
[WhiteElo "1704"]
[BlackElo "1920"]
[PlyCount "120"]
[EventDate "2022.??.??"]
[WhiteTeam "SK Kulmbach"]
[BlackTeam "SC Bavaria Regensburg von 1881"]

1. e4 c6 2. d4 d5 3. Nd2 dxe4 4. Nxe4 Nf6 5. Nxf6+ exf6 6. c3 Bd6 7. Bd3 O-O 8.
Ne2 Re8 9. Qc2 h5 10. O-O h4 11. h3 Nd7 12. Be3 Nf8 13. c4 Be6 14. Rfd1 g5 15.
Bf5 Qd7 16. Bxe6 fxe6 17. Nc3 Kg7 18. Qe2 Ng6 19. Qg4 Rad8 20. Rd3 Be7 21. f4
f5 22. Qf3 gxf4 23. Bxf4 e5 24. Bd2 e4 25. Nxe4 fxe4 26. Qxe4 Bg5 27. Qf3 Bxd2
28. Rxd2 Qe6 29. Rc1 Qe3+ 30. Qxe3 Rxe3 31. d5 cxd5 32. cxd5 Rd6 33. Rd4 Re7
34. Rc3 Red7 35. Rb3 b6 36. Rbd3 Rf7 37. Ra3 Kh6 38. Re3 Rf4 39. Rdd3 Rc4 40.
Re6 Rxe6 41. dxe6 Rc6 42. Rd7 a5 43. e7 Re6 44. Rd6 Rxe7 45. Rxb6 Re2 46. Ra6
Rxb2 47. Rxa5 Nf4 48. Ra4 Kg5 49. Ra5+ Kf6 50. Ra4 Ne2+ 51. Kh2 Ng3 52. Rxh4
Nf1+ 53. Kg1 Ne3 54. Rf4+ Kg5 55. Rf2 Rb1+ 56. Kh2 Nf1+ 57. Kg1 Ng3+ 58. Kh2
Nf1+ 59. Kg1 Ne3+ 60. Kh2 Nf1+ 1/2-1/2

[Event "Bayerische EM 2022 - Allgemeine Gruppe"]
[Site "Rosenheim"]
[Date "2022.08.23"]
[Round "4.18"]
[White "Duong, Quang Bach"]
[Black "Bruss, Robert"]
[Result "0-1"]
[WhiteElo "1525"]
[BlackElo "1845"]
[PlyCount "68"]
[EventDate "2022.??.??"]
[WhiteTeam "SK Nürnberg"]
[BlackTeam "SV Altensittenbach"]

1. e4 e6 2. d4 d5 3. e5 c5 4. c3 Qb6 5. Nf3 Nc6 6. Bd3 Bd7 7. O-O cxd4 8. Re1
O-O-O 9. cxd4 Kb8 10. Nc3 Na5 11. Ng5 Be8 12. Bxh7 Ne7 13. Bc2 Nec6 14. Nf3 Be7
15. a3 Rc8 16. b4 Nc4 17. Na4 Qd8 18. Bd3 g5 19. g4 f5 20. gxf5 g4 21. Nd2 Bh5
22. Nc3 g3 23. f3 Bh4 24. Rf1 Rg8 25. Ra2 exf5 26. Bxf5 Rc7 27. h3 Bg5 28. Bg4
Rh7 29. f4 Bxg4 30. hxg4 Rgh8 31. fxg5 Rh1+ 32. Kg2 R1h2+ 33. Kxg3 R8h3+ 34.
Kf4 Qf8# 0-1

[Event "Bayerische EM 2022 - Allgemeine Gruppe"]
[Site "Rosenheim"]
[Date "2022.08.23"]
[Round "4.19"]
[White "Sandner, Michael"]
[Black "Rosenboom, Niko"]
[Result "1-0"]
[WhiteElo "2089"]
[BlackElo "1678"]
[PlyCount "105"]
[EventDate "2022.??.??"]
[WhiteTeam "SG Traunstein/Traunreut"]
[BlackTeam "SGem Fürth"]

1. e4 c5 2. Nf3 e6 3. d4 cxd4 4. Nxd4 a6 5. Bd3 Bc5 6. Nb3 Ba7 7. Qg4 Nf6 8.
Qh4 Nc6 9. O-O Ne5 10. Be2 Ng6 11. Qh3 Nxe4 12. Be3 d5 13. Bxa7 Rxa7 14. Qe3
Ra8 15. Bd3 Nf6 16. f4 O-O 17. N1d2 Re8 18. Rae1 Bd7 19. Nf3 Ng4 20. Qd4 Bb5
21. Ne5 Bxd3 22. Qxd3 N4xe5 23. fxe5 Qc7 24. Qe2 Rf8 25. c3 Rae8 26. Nd4 Qe7
27. Nf3 f6 28. g3 fxe5 29. Nxe5 Nxe5 30. Qxe5 Rf6 31. Kg2 Ref8 32. Rxf6 Rxf6
33. Qxd5 g6 34. Qd4 Rf5 35. c4 e5 36. Qd5+ Kg7 37. Rd1 e4 38. Qd7 Rf7 39. Qxe7
Rxe7 40. Kf2 Kf6 41. Ke3 h5 42. h3 Re5 43. Rd4 Rg5 44. Kf4 e3 45. Re4 b5 46.
cxb5 Rxb5 47. b3 g5+ 48. Kxe3 Rc5 49. Rc4 Re5+ 50. Kd4 a5 51. Rc6+ Re6 52.
Rxe6+ Kxe6 53. g4 1-0

[Event "Bayerische EM 2022 - Allgemeine Gruppe"]
[Site "Rosenheim"]
[Date "2022.08.23"]
[Round "4.21"]
[White "Höller, Armin"]
[Black "Gode, Gero"]
[Result "0-1"]
[WhiteElo "2045"]
[BlackElo "1754"]
[PlyCount "56"]
[EventDate "2022.??.??"]
[WhiteTeam "SK Weilheim"]
[BlackTeam "SK Mering"]

1. c4 e5 2. g3 Nf6 3. Bg2 c6 4. d3 d5 5. Nf3 dxc4 6. O-O cxd3 7. Nxe5 Bd6 8.
Nxd3 O-O 9. e4 Re8 10. Nc3 Ng4 11. Kh1 Ne5 12. Nxe5 Bxe5 13. Be3 Qf6 14. f4 Bc7
15. e5 Qe7 16. Qb3 Nd7 17. Ne4 Bb6 18. Nd6 Rf8 19. Rae1 Bxe3 20. Rxe3 Nb6 21.
f5 Kh8 22. Rd1 g6 23. Bh3 gxf5 24. Nxc8 Raxc8 25. e6 Nd5 26. Bxf5 Nxe3 27. Qc3+
f6 28. Rd7 Rcd8 0-1

[Event "Bayerische EM 2022 - Allgemeine Gruppe"]
[Site "Rosenheim"]
[Date "2022.08.24"]
[Round "5.1"]
[White "Vuckovic, Zarko"]
[Black "Schulz, Lukas"]
[Result "1/2-1/2"]
[WhiteElo "2286"]
[BlackElo "2271"]
[PlyCount "116"]
[EventDate "2022.??.??"]
[WhiteTeam "SF Augsburg"]
[BlackTeam "SC Erlangen"]

1. e4 d5 2. exd5 Nf6 3. d4 Nxd5 4. c4 Nb6 5. Nc3 Nc6 6. d5 Nb4 7. a3 Na6 8. Nf3
e6 9. Be2 Be7 10. O-O O-O 11. Be3 Bf6 12. Bd4 Re8 13. Re1 exd5 14. cxd5 Bg4 15.
Bxa6 Rxe1+ 16. Qxe1 bxa6 17. Bxf6 Qxf6 18. Nd2 Rd8 19. Nf1 Qg5 20. Qe3 Qxe3 21.
Nxe3 Bc8 22. f3 f5 23. f4 g6 24. b4 Bb7 25. Rd1 Kf7 26. Kf2 Ba8 27. g3 Ke7 28.
a4 Nd7 29. Rd4 Nf6 30. Rc4 Kd7 31. Ke2 Rb8 32. Kd3 Kd6 33. Kd4 Nd7 34. g4 Nb6
35. Rc5 fxg4 36. Nxg4 Nxa4 37. Ne4+ Kd7 38. Ra5 Rxb4+ 39. Ke5 Nb6 40. Rxa6 Ke7
41. Ngf6 Nc4+ 42. Kd4 Nd6+ 43. Kc3 Rb6 44. Ra5 a6 45. Nxd6 Rxd6 46. Nxh7 Bxd5
47. Ng5 Bb7 48. f5 gxf5 49. Rxf5 Rd5 50. Rxd5 Bxd5 51. Nh3 Kd6 52. Nf2 a5 53.
Nd3 Bg8 54. h4 Bh7 55. Nb2 Kc5 56. h5 Kb5 57. h6 Bg6 58. Nc4 Bh7 1/2-1/2

[Event "Bayerische EM 2022 - Allgemeine Gruppe"]
[Site "Rosenheim"]
[Date "2022.08.24"]
[Round "5.2"]
[White "Hinterreiter, Markus"]
[Black "Kocak, Ediz"]
[Result "0-1"]
[WhiteElo "2119"]
[BlackElo "2080"]
[PlyCount "94"]
[EventDate "2022.??.??"]
[WhiteTeam "TSV Trostberg"]
[BlackTeam "SGem Fürth"]

1. e4 c5 2. Nf3 Nc6 3. c3 Nf6 4. e5 Nd5 5. d4 cxd4 6. cxd4 d6 7. Bc4 dxe5 8.
dxe5 Nb6 9. Qxd8+ Nxd8 10. Bd3 g6 11. h3 Bg7 12. O-O Nc6 13. Bf4 Be6 14. Bb5
Rc8 15. Nd4 Bd7 16. Nxc6 Bxc6 17. a4 a6 18. Bxc6+ Rxc6 19. Ra3 O-O 20. Rb3 Nd5
21. Bg3 Rb6 22. Nd2 Rxb3 23. Nxb3 Rc8 24. Rc1 Rxc1+ 25. Nxc1 Nb4 26. Bf4 Kf8
27. Kf1 Nd5 28. Bg3 Ke8 29. Ke2 Kd7 30. Kd3 Kc6 31. Kc4 Nb6+ 32. Kb4 Kd5 33. f4
Nc4 34. Nd3 e6 35. Bf2 Bf8+ 36. Bc5 Nxb2 37. Bxf8 Nxd3+ 38. Ka5 Kc6 39. g3 h5
40. h4 Nc5 41. Be7 Ne4 42. Bd8 Nxg3 43. Bf6 Ne2 44. Bg5 Nc3 45. Bd8 Nd5 46. Bg5
Kc7 47. Bh6 Kb8 0-1

[Event "Bayerische EM 2022 - Allgemeine Gruppe"]
[Site "Rosenheim"]
[Date "2022.08.24"]
[Round "5.3"]
[White "Miller, Eduard"]
[Black "Lohvinov, Petro"]
[Result "1/2-1/2"]
[WhiteElo "2353"]
[BlackElo "2232"]
[PlyCount "56"]
[EventDate "2022.??.??"]
[WhiteTeam "SC Erlangen"]
[BlackTeam "SK München Südost"]

1. e4 c5 2. Be2 Nc6 3. f4 d5 4. d3 e6 5. Nf3 Bd6 6. O-O Nge7 7. c3 f6 8. Na3
O-O 9. Kh1 a6 10. Be3 Qc7 11. Qd2 Rd8 12. Rae1 d4 13. e5 dxe3 14. exd6 Qxd6 15.
Qxe3 Nd5 16. Qf2 Nxf4 17. Nc4 Qe7 18. Nfd2 Nxe2 19. Rxe2 b5 20. Nb6 Rb8 21.
Nxc8 Rbxc8 22. Nb3 Ne5 23. d4 Nd3 24. Qe3 c4 25. Nc1 Nxc1 26. Rxc1 Rc6 27. Rce1
Rd5 28. Qh3 Rdd6 1/2-1/2

[Event "Bayerische EM 2022 - Allgemeine Gruppe"]
[Site "Rosenheim"]
[Date "2022.08.24"]
[Round "5.4"]
[White "Kleibel, Uwe"]
[Black "Reimann, Sebastian"]
[Result "1/2-1/2"]
[WhiteElo "2183"]
[BlackElo "2252"]
[PlyCount "115"]
[EventDate "2022.??.??"]
[WhiteTeam "SC Bavaria Regensburg von 1881"]
[BlackTeam "SK Kriegshaber"]

1. d4 d5 2. c4 e6 3. Nf3 Nf6 4. e3 a6 5. b3 c5 6. Bb2 Nc6 7. Bd3 cxd4 8. exd4
Be7 9. O-O O-O 10. Nbd2 b6 11. Rc1 dxc4 12. bxc4 Bb7 13. Qe2 Rc8 14. Rfd1 Rc7
15. Bb1 Re8 16. Nf1 Bf8 17. Ne3 Ne7 18. d5 exd5 19. Bxf6 gxf6 20. Qd3 Ng6 21.
cxd5 Rxc1 22. Rxc1 Bc5 23. Rd1 Qd7 24. Nd4 Re5 25. Ndf5 Kf8 26. Qc4 Qb5 27.
Qxb5 axb5 28. d6 Ke8 29. Ng4 Re2 30. Nxf6+ Kd8 31. Ng4 h5 32. Nge3 Nf4 33. Ng3
Rb2 34. Be4 Ne2+ 35. Nxe2 Bxe4 36. Nc3 Bc6 37. Rb1 Rd2 38. Nxb5 Bxe3 39. fxe3
Rxg2+ 40. Kf1 Rxh2 41. Rb4 Rxa2 42. Nd4 Bg2+ 43. Kg1 h4 44. Rxb6 Kd7 45. Kh2
Bf1+ 46. Kg1 Bg2 47. Kh2 h3 48. Kg3 Bf1 49. Rb7+ Kxd6 50. Rxf7 Rg2+ 51. Kf3 Rg1
52. Rh7 Bg2+ 53. Kf2 Rf1+ 54. Kg3 Ke5 55. Rh4 Kd5 56. Ne2 Rf3+ 57. Kh2 Rxe3 58.
Nf4+ 1/2-1/2

[Event "Bayerische EM 2022 - Allgemeine Gruppe"]
[Site "Rosenheim"]
[Date "2022.08.24"]
[Round "5.5"]
[White "Albert, Markus"]
[Black "Böhme, Sebastian"]
[Result "1-0"]
[WhiteElo "2024"]
[BlackElo "2198"]
[PlyCount "85"]
[EventDate "2022.??.??"]
[WhiteTeam "SC Ansbach"]
[BlackTeam "SC Erlangen"]

1. e4 c6 2. f4 d5 3. Nf3 dxe4 4. Ng5 Nf6 5. Bc4 Bg4 6. Bxf7+ Kd7 7. Qxg4+ Nxg4
8. Be6+ Ke8 9. Bf7+ Kd7 10. Be6+ Kc7 11. Bxg4 Qe8 12. Ne6+ Kb6 13. Na3 a5 14.
d3 Ka7 15. Be3+ b6 16. Nc4 c5 17. d4 h5 18. Bh3 Nc6 19. dxc5 b5 20. Nb6 Rb8 21.
Nc7 Qf7 22. Be6 Qf6 23. O-O-O Rb7 24. Nbd5 Qh6 25. f5 Qh7 26. Bd7 Rxc7 27. Nxc7
Kb7 28. Ne6 g6 29. Ng5 Qg7 30. Be6 Qf6 31. Rd7+ Ka8 32. Nxe4 Qe5 33. Bd5 gxf5
34. Bxc6+ Kb8 35. Rd5 Qe6 36. Bf4+ Ka7 37. Rd7+ Ka6 38. Bb7+ Ka7 39. Bc8+ Ka8
40. Rd8 Qh6 41. Bxf5+ Ka7 42. Bxh6 Bxh6+ 43. Rd2 1-0

[Event "Bayerische EM 2022 - Allgemeine Gruppe"]
[Site "Rosenheim"]
[Date "2022.08.24"]
[Round "5.6"]
[White "Schmid, Roland"]
[Black "Bratu, Mircea"]
[Result "1/2-1/2"]
[WhiteElo "2233"]
[BlackElo "1684"]
[PlyCount "59"]
[EventDate "2022.??.??"]
[WhiteTeam "Post Regensburg"]
[BlackTeam "SG Schwabing München"]

1. Nf3 Nf6 2. c4 g6 3. Nc3 Bg7 4. e4 e5 5. Nxe5 O-O 6. Nf3 Re8 7. d3 d5 8. cxd5
Nxd5 9. Nxd5 Qxd5 10. Be2 Qd6 11. h3 c5 12. O-O Nc6 13. Rb1 b6 14. Be3 Ba6 15.
Qa4 Nb4 16. a3 b5 17. Qb3 Nc6 18. Rfc1 Na5 19. Qc2 c4 20. dxc4 Nxc4 21. Bxc4
bxc4 22. Nd2 c3 23. e5 Rxe5 24. Qxc3 Rd5 25. Nc4 Bxc3 26. Nxd6 Bxb2 27. Rc6
Bxa3 28. Rxa6 Bxd6 29. Rxa7 Rxa7 30. Bxa7 1/2-1/2

[Event "Bayerische EM 2022 - Allgemeine Gruppe"]
[Site "Rosenheim"]
[Date "2022.08.24"]
[Round "5.7"]
[White "Michalek, Michal"]
[Black "Monninger, Moritz"]
[Result "1-0"]
[WhiteElo "2153"]
[BlackElo "2071"]
[PlyCount "69"]
[EventDate "2022.??.??"]
[WhiteTeam "1.FC Marktleuthen"]
[BlackTeam "SK Herzogenaurach"]

1. d4 d5 2. c4 e6 3. Nf3 Nf6 4. g3 dxc4 5. Bg2 Bd7 6. Ne5 Bc6 7. Nxc6 Nxc6 8.
Qa4 Nd5 9. Qxc4 Qd7 10. e3 O-O-O 11. Nc3 h5 12. h4 Be7 13. Bd2 Nb6 14. Qb5 Nb4
15. Qxd7+ Rxd7 16. Ke2 Nc4 17. a3 Nd5 18. Nxd5 exd5 19. Bh3 Nxb2 20. Bxd7+ Kxd7
21. Rhb1 Nc4 22. Rxb7 Bxa3 23. Rxa7 Bd6 24. Ra8 Rh6 25. Rg8 Rf6 26. Be1 g6 27.
Ra6 Re6 28. Rb8 Ke7 29. Bb4 Kd7 30. Rb5 Bxb4 31. Rxe6 fxe6 32. Rxb4 e5 33. Rxc4
dxc4 34. dxe5 Ke6 35. f4 1-0

[Event "Bayerische EM 2022 - Allgemeine Gruppe"]
[Site "Rosenheim"]
[Date "2022.08.24"]
[Round "5.8"]
[White "Stöttner, Moritz"]
[Black "Vuckovic, Robert"]
[Result "1-0"]
[WhiteElo "1906"]
[BlackElo "1846"]
[PlyCount "63"]
[EventDate "2022.??.??"]
[WhiteTeam "SK Landau-Dingolfing"]
[BlackTeam "SF Augsburg"]

1. e4 c5 2. Nf3 e6 3. d4 cxd4 4. Nxd4 Nf6 5. Nc3 Nc6 6. a3 d5 7. Bb5 Bd7 8.
exd5 Nxd5 9. Nxd5 exd5 10. O-O Bd6 11. Re1+ Kf8 12. c3 h5 13. Be3 a6 14. Nxc6
bxc6 15. Bf1 Qb8 16. h3 Qxb2 17. c4 Be6 18. Qa4 Qb7 19. Rab1 Qc8 20. Rb6 Bd7
21. cxd5 cxd5 22. Qd4 Bxa3 23. Qxd5 Be6 24. Qf3 Kg8 25. Ra1 Bf8 26. Rbxa6 Rxa6
27. Rxa6 Qd8 28. Ra8 Qd6 29. Bf4 Qc5 30. Qd3 Qc6 31. Rxf8+ Kxf8 32. Qd8+ 1-0

[Event "Bayerische EM 2022 - Allgemeine Gruppe"]
[Site "Rosenheim"]
[Date "2022.08.24"]
[Round "5.9"]
[White "Kolb, Tobias"]
[Black "Fuchs, Florian"]
[Result "1-0"]
[WhiteElo "2355"]
[BlackElo "1887"]
[PlyCount "41"]
[EventDate "2022.??.??"]
[WhiteTeam "SC Bamberg"]
[BlackTeam "DJK SF Haselbach"]

1. d4 Nf6 2. c4 e6 3. Nc3 Bb4 4. e3 O-O 5. Bd2 b6 6. Nf3 Bb7 7. Bd3 Bxc3 8.
Bxc3 Ne4 9. Bb4 d6 10. O-O Nd7 11. Qc2 f5 12. Rac1 c5 13. Be1 Qf6 14. Nd2 d5
15. dxc5 Nexc5 16. Be2 Ne5 17. b4 Ne4 18. Nxe4 fxe4 19. Bc3 dxc4 20. Qb2 Nf3+
21. Bxf3 1-0

[Event "Bayerische EM 2022 - Allgemeine Gruppe"]
[Site "Rosenheim"]
[Date "2022.08.24"]
[Round "5.10"]
[White "Niedermeier, Thomas"]
[Black "Fuchs, Michael"]
[Result "1-0"]
[WhiteElo "2253"]
[BlackElo "2049"]
[PlyCount "43"]
[EventDate "2022.??.??"]
[WhiteTeam "SV Ilmmünster"]
[BlackTeam "DJK SF Haselbach"]

1. d4 Nf6 2. Nf3 c5 3. d5 b5 4. a4 b4 5. g3 e6 6. dxe6 fxe6 7. Bg2 d5 8. O-O
Bd6 9. Nbd2 O-O 10. e4 Nc6 11. Re1 Ng4 12. h3 Nge5 13. Nxe5 Bxe5 14. exd5 exd5
15. Nf3 Bf6 16. Ne5 Bxe5 17. Qxd5+ Qxd5 18. Bxd5+ Kh8 19. Bxc6 Bd4 20. Bf4 Bxh3
21. Bxa8 Rxa8 22. Be5 1-0